[Event "ESP-chT Regional U14"]
[Site "Padron"]
[Date "2017.06.24"]
[Round "4.1"]
[White "Gutierrez Guillen, Alvaro Jose"]
[Black "Yecora Entrena, Marcos"]
[Result "1/2-1/2"]
[WhiteElo "1561"]
[BlackElo "1398"]
[PlyCount "96"]
[EventDate "2017.06.22"]
[EventType "team"]
[EventRounds "6"]
[EventCountry "ESP"]
[SourceTitle "EXT 2018"]
[Source "ChessBase"]
[SourceDate "2017.10.13"]
[SourceVersion "1"]
[SourceVersionDate "2017.10.13"]
[SourceQuality "1"]
[WhiteTeam "Castilla y Leon (U14)"]
[BlackTeam "La Rioja (U14)"]
[WhiteTeamCountry "ESP"]
[BlackTeamCountry "ESP"]

1. c4 Nf6 2. Nc3 g6 3. d4 Bg7 4. Nf3 d6 5. Bg5 Nbd7 6. e3 0-0 7. Be2 Re8 8. 0-0 e5 9. dxe5 dxe5 10. Qc2 h6 11. Bh4 c6 12. Rad1 Qc7 13. Nd2 Nc5 14. b4 Na6 15. a3 Bf5 16. e4 Be6 17. c5 Rad8 18. f3 Nb8 19. Nc4 Bxc4 20. Bxc4 b6 21. Bf2 Nbd7 22. Qa2 Re7 23. Rd2 bxc5 24. b5 Nh7 25. bxc6 Qxc6 26. Rfd1 Nhf8 27. Rd6 Qc8 28. Na4 Rde8 29. Qd2 Qc7 30. Bb5 Rb8 31. Bc4 Nb6 32. Nxb6 axb6 33. Qd5 Ne6 34. Bb5 Nd4 35. Bxd4 cxd4 36. Rc6 Qd7 37. Qc4 Qd8 38. Rc1 Kh7 39. a4 Rd7 40. Qd3 Rbb7 41. Rc8 Qe7 42. Bxd7 Qxd7 43. R8c2 Qxa4 44. Rb2 b5 45. Rcb1 b4 46. Qc4 Bf8 47. Rf2 Rd7 48. Rc1 Qa3 1/2-1/2

[Event "ESP-chT Regional U14"]
[Site "Padron"]
[Date "2017.06.23"]
[Round "3.1"]
[White "Labiano Hernandez, Juan"]
[Black "Gutierrez Guillen, Alvaro Jose"]
[Result "1/2-1/2"]
[WhiteElo "1630"]
[BlackElo "1561"]
[PlyCount "94"]
[EventDate "2017.06.22"]
[EventType "team"]
[EventRounds "6"]
[EventCountry "ESP"]
[SourceTitle "EXT 2018"]
[Source "ChessBase"]
[SourceDate "2017.10.13"]
[SourceVersion "1"]
[SourceVersionDate "2017.10.13"]
[SourceQuality "1"]
[WhiteTeam "Navarra (U14)"]
[BlackTeam "Castilla y Leon (U14)"]
[WhiteTeamCountry "ESP"]
[BlackTeamCountry "ESP"]

1. e4 c6 2. d4 d5 3. exd5 cxd5 4. Bd3 Nc6 5. c3 Nf6 6. Nf3 e6 7. Bg5 Be7 8. Nbd2 0-0 9. 0-0 Nd7 10. Bxe7 Qxe7 11. Re1 Qf6 12. Qe2 Rd8 13. Ne5 Ndxe5 14. dxe5 Qe7 15. Nf3 b6 16. Nd4 Nxd4 17. cxd4 Bb7 18. Rac1 Rac8 19. Rc2 Rxc2 20. Qxc2 g6 21. Rc1 Rc8 22. Qd2 Rxc1+ 23. Qxc1 Qb4 24. Qc3 Qxc3 25. bxc3 a6 26. Kf1 b5 27. Ke2 f5 28. Kd2 Kf7 29. Kc2 Ke7 30. Kb3 Kd7 31. Kb4 Kc6 32. Ka5 Bc8 33. f3 h6 34. g4 h5 35. gxh5 gxh5 36. h4 Kb7 37. a4 bxa4 38. Bxa6+ Ka7 39. Bd3 Ba6 40. Bb1 a3 41. Kb4 f4 42. Kxa3 Be2 43. c4 Bxf3 44. cxd5 Bxd5 45. Bg6 f3 46. Bxh5 f2 47. Be2 Bg2 1/2-1/2